000 00800nam a22001937a 4500
999 _c371215
_d371215
008 201127b ||||| |||| 00| 0 eng d
040 _aDE-2950
_bger
_cDE-2950
_erda
041 _ager
245 _aWie die Pandemie die Justizbehörden beschäftigt.
_bCorona: Beleidigen, bedrohen, Regeln ignorieren - mit welchen Delikten im Zusammenhang mit Covid-19 es Polizei, Staatsanwaltschaft und Gerichte zu tun haben /
_nInes Weber-Rath
264 _c2021
653 _aFrankfurt (Oder)
653 _aPandemie / Corona
653 _aOrdnungswidrigkeiten
773 _dFrankfurt (Oder) Märkisches Verlags- und Druckhaus GmbH & Co KG
_tMärkische Oderzeitung
_g32. Jahrgang (2021) Nr. 290 vom 11./12.12.2021, S. 17
942 _cA